00302nam a2200121Ia 4500008004000000082001600040100002000056245003100076250000500107260004300112300001100155650001400166210210b1973 xxu||||| |||| 00| 0 eng d a181.48 SHAL aSHARMA (B N K). aLectures on vedanta. Ed 1. a aDharwar.bKarnataka University.,c1973 avii,90 aVedanta